Obálka Náhled e-knihy:
Epub
Pro půjčování e-knih musíte být přihlášeni.
Jak si půjčit online?

Utrhnout se ze řetězu /

"Poznávají se tři týdny, milují se tři měsíce, hádají se tři léta, snášejí se třicet let a děti začnou znovu," tak zní definice manželství francouzského filozofa H. Taineho. Hlavní hrdinky knihy Utrhnout se ze řetězu však nemají tolik trpělivosti a chtějí svůj život změnit hned......

Celý popis

Uloženo v:
Hlavní autor: Monyová, Simona (Autor)
Médium: E-kniha
Jazyk:Czech
Vydáno: Praha : BELAMI, 2026
Tagy:
Žádné tagy
LEADER 01206nam a22002297i 4500
001 313970
007 ta
008 260627s2026 xr ||||| |||| 00| 0 cze d
020 |a 9788087166208 
044 |a xr 
100 1 |a  Monyová, Simona  |4 aut 
245 1 0 |a Utrhnout se ze řetězu /  |c  Monyová, Simona 
264 1 |a Praha :  |b BELAMI,  |c 2026 
300 |a 1 online zdroj (128 stran) 
336 |a text  |b txt  |2 rdacontent 
337 |a bez média  |b n  |2 rdamedia 
338 |a online zdroj  |b cr  |2 rdacarrier 
520 2 |a "Poznávají se tři týdny, milují se tři měsíce, hádají se tři léta, snášejí se třicet let a děti začnou znovu," tak zní definice manželství francouzského filozofa H. Taineho. Hlavní hrdinky knihy Utrhnout se ze řetězu však nemají tolik trpělivosti a chtějí svůj život změnit hned... 
910 |a RBIT002 
998 |d 428024  |a https://core.palmknihy.cz/api/books/428024/cover?th7izx  |b https://core.palmknihy.cz/api/books/428024/cover/400?th7izx  |c https://core.palmknihy.cz/api/books/428024/cover/50?th7izx  |e   |g 128  |i 9788087166208  |j https://core.palmknihy.cz/api/books/428024/preview.epub  |l   |q 49  |r 1  |s https://www.palmknihy.cz/kniha/428024  |t ebook  |y 2026  |z 1 
999 |d 313968